000 00745nam a22002177a 4500
999 _c19802
_d19802
003 AR-CdUCM
008 190522b ||||| |||| 00| 0 spa d
040 _aMUNICIPALIDAD PROVINCIAL DEL CUSCO
_cBIBLIOTECA MUNICIPAL DEL CUSCO
082 _a301.1582 /
_bS39
100 _aSeoane, Manuel
_927327
245 _aLas seis dimensiones de la revolución mundial /
260 _aChile,
_bZig zaz,
_c1960.
300 _a194 páginas ;
_c21 cm.
440 _aBiblioteca de ensayistas
_941414
505 _aContenido: Panorama en conjunto -- La revolución militar -- La revolución en la ciencia...
650 _aRevoluciones
_9627
650 _aEnsayos
_9375
650 _aEnsayos peruanos
_9233
942 _2ddc
_cLIBROS
945 _adavv
_d2019-05-22